<?xml version="1.0" encoding="UTF-8"?>
<record
    xmlns:xsi="http://www.w3.org/2001/XMLSchema-instance"
    xsi:schemaLocation="http://www.loc.gov/MARC21/slim http://www.loc.gov/standards/marcxml/schema/MARC21slim.xsd"
    xmlns="http://www.loc.gov/MARC21/slim">

  <leader>01280nam0a2200301 i 4500</leader>
  <controlfield tag="001">RU\NLR\BIBL_A\010827008</controlfield>
  <controlfield tag="005">20260408200155.0</controlfield>
  <datafield tag="010" ind1=" " ind2=" ">
    <subfield code="a">9785774908301</subfield>
    <subfield code="9">1000</subfield>
  </datafield>
  <datafield tag="035" ind1=" " ind2=" ">
    <subfield code="a">(NLR Aleph) 010827008</subfield>
  </datafield>
  <datafield tag="090" ind1=" " ind2=" ">
    <subfield code="a">10269070</subfield>
    <subfield code="c">10269070</subfield>
  </datafield>
  <datafield tag="100" ind1=" " ind2=" ">
    <subfield code="a">20150831d2014    u  y0rusy50      ca</subfield>
  </datafield>
  <datafield tag="101" ind1="0" ind2=" ">
    <subfield code="a">rus</subfield>
  </datafield>
  <datafield tag="102" ind1=" " ind2=" ">
    <subfield code="a">RU</subfield>
  </datafield>
  <datafield tag="105" ind1=" " ind2=" ">
    <subfield code="a">y|||z|||000zy</subfield>
  </datafield>
  <datafield tag="200" ind1="1" ind2=" ">
    <subfield code="a">&#x41D;&#x435;&#x43C;&#x435;&#x446;&#x43A;&#x438;&#x439; &#x444;&#x43E;&#x440;&#x43C;&#x430;&#x442;</subfield>
    <subfield code="e">&#x43A;&#x430;&#x43A; &#x436;&#x443;&#x440;&#x43D;&#x430;&#x43B;&#x438;&#x441;&#x442;&#x44B; &#x441;&#x43E;&#x437;&#x434;&#x430;&#x43B;&#x438; &#x424;&#x420;&#x413;</subfield>
    <subfield code="f">&#x421;&#x435;&#x440;&#x433;&#x435;&#x439; &#x421;&#x443;&#x43C;&#x43B;&#x435;&#x43D;&#x43D;&#x44B;&#x439;</subfield>
    <subfield code="g">&#x420;&#x43E;&#x441;. &#x430;&#x43A;&#x430;&#x434;. &#x43D;&#x430;&#x440;. &#x445;&#x43E;&#x437;-&#x432;&#x430; &#x438; &#x433;&#x43E;&#x441;. &#x441;&#x43B;&#x443;&#x436;&#x431;&#x44B; &#x43F;&#x440;&#x438; &#x41F;&#x440;&#x435;&#x437;&#x438;&#x434;&#x435;&#x43D;&#x442;&#x435; &#x420;&#x43E;&#x441;. &#x424;&#x435;&#x434;&#x435;&#x440;&#x430;&#x446;&#x438;&#x438;</subfield>
  </datafield>
  <datafield tag="210" ind1=" " ind2=" ">
    <subfield code="a">&#x41C;&#x43E;&#x441;&#x43A;&#x432;&#x430;</subfield>
    <subfield code="c">&#x414;&#x435;&#x43B;&#x43E;</subfield>
    <subfield code="d">2014</subfield>
  </datafield>
  <datafield tag="215" ind1=" " ind2=" ">
    <subfield code="a">255 &#x441;.</subfield>
    <subfield code="d">21</subfield>
  </datafield>
  <datafield tag="300" ind1=" " ind2=" ">
    <subfield code="a">&#x41D;&#x430; 4-&#x439; &#x441;. &#x43E;&#x431;&#x43B;. &#x430;&#x432;&#x442;.: &#x421;&#x435;&#x440;&#x433;&#x435;&#x439; &#x421;&#x443;&#x43C;&#x43B;&#x435;&#x43D;&#x43D;&#x44B;&#x439; - &#x436;&#x443;&#x440;&#x43D;&#x430;&#x43B;&#x438;&#x441;&#x442;, &#x43F;&#x43E;&#x43B;&#x438;&#x442;&#x43E;&#x43B;&#x43E;&#x433;-&#x433;&#x435;&#x440;&#x43C;&#x430;&#x43D;&#x438;&#x441;&#x442;</subfield>
  </datafield>
  <datafield tag="320" ind1=" " ind2=" ">
    <subfield code="a">&#x411;&#x438;&#x431;&#x43B;&#x438;&#x43E;&#x433;&#x440;.: &#x441;. 226-255</subfield>
  </datafield>
  <datafield tag="517" ind1="1" ind2=" ">
    <subfield code="a">&#x41A;&#x430;&#x43A; &#x436;&#x443;&#x440;&#x43D;&#x430;&#x43B;&#x438;&#x441;&#x442;&#x44B; &#x441;&#x43E;&#x437;&#x434;&#x430;&#x43B;&#x438; &#x424;&#x420;&#x413;</subfield>
  </datafield>
  <datafield tag="606" ind1=" " ind2=" ">
    <subfield code="a">&#x421;&#x440;&#x435;&#x434;&#x441;&#x442;&#x432;&#x430; &#x43C;&#x430;&#x441;&#x441;&#x43E;&#x432;&#x43E;&#x439; &#x438;&#x43D;&#x444;&#x43E;&#x440;&#x43C;&#x430;&#x446;&#x438;&#x438; &#x438; &#x43F;&#x43E;&#x43B;&#x438;&#x442;&#x438;&#x43A;&#x430;</subfield>
    <subfield code="3">RU\NLR\AUTH\661423036</subfield>
    <subfield code="9">2385644</subfield>
  </datafield>
  <datafield tag="686" ind1=" " ind2=" ">
    <subfield code="a">76.0</subfield>
    <subfield code="v">LBC/M</subfield>
    <subfield code="2">rubbk</subfield>
  </datafield>
  <datafield tag="686" ind1="1" ind2=" ">
    <subfield code="a">&#x427;600.3(4&#x424;)</subfield>
  </datafield>
  <datafield tag="700" ind1=" " ind2="1">
    <subfield code="a">&#x421;&#x443;&#x43C;&#x43B;&#x435;&#x43D;&#x43D;&#x44B;&#x439;</subfield>
    <subfield code="b">&#x421;.&#x421;.</subfield>
    <subfield code="g">&#x421;&#x435;&#x440;&#x433;&#x435;&#x439; &#x421;&#x435;&#x440;&#x433;&#x435;&#x435;&#x432;&#x438;&#x447;</subfield>
  </datafield>
  <datafield tag="942" ind1=" " ind2=" ">
    <subfield code="c">BOOK</subfield>
  </datafield>
  <datafield tag="980" ind1=" " ind2=" ">
    <subfield code="a">NBR</subfield>
  </datafield>
</record>
